[Event "Oberliga Nord O 1920"]
[Site "Germany"]
[Date "2020.03.01"]
[Round "7.1"]
[White "Cremer, Jan Paul"]
[Black "Moeller, Hendrik"]
[Result "0-1"]
[WhiteElo "2223"]
[BlackElo "2278"]
[PlyCount "82"]
[EventDate "2019.09.29"]
[EventType "team-tourn"]
[EventRounds "9"]
[EventCountry "GER"]
[SourceTitle "CBM 195 Extra"]
[Source "ChessBase"]
[SourceDate "2020.05.31"]
[SourceVersion "1"]
[SourceVersionDate "2020.05.31"]
[SourceQuality "1"]

1. e4 c6 2. d4 d5 3. Nc3 dxe4 4. Nxe4 Bf5 5. Ng3 Bg6 6. h4 h6 7. Nf3 Nd7 8. h5 Bh7 9. Bd3 Bxd3 10. Qxd3 e6 11. Bd2 Ngf6 12. 0-0-0 Be7 13. Qe2 Qb6 14. Ne5 0-0 15. Ng6 Rfe8 16. Nxe7+ Rxe7 17. Nf5 Ree8 18. Nd6 Red8 19. Rh3 c5 20. Nc4 Qc7 21. Rg3 Kf8 22. dxc5 Nxc5 23. Ne5 Nfe4 24. Re3 Qxe5 25. f3 Na4 26. c3 Qxh5 27. fxe4 Qxe2 28. Rxe2 Nc5 29. Rf1 e5 30. Kc2 a6 31. Rf3 Ke7 32. Be3 Ne6 33. b4 Rac8 34. Kb3 f6 35. Bc1 Rd1 36. Kc2 Rd4 37. a4 Rdc4 38. Kb3 Rxc3+ 39. Rxc3 Nd4+ 40. Kb2 Rxc3 41. Rd2 Rxc1 0-1

[Event "Oberliga Nord O 1920"]
[Site "Germany"]
[Date "2019.11.24"]
[Round "3.1"]
[White "Muse, Drazen"]
[Black "Cremer, Jan Paul"]
[Result "1-0"]
[WhiteElo "2342"]
[BlackElo "2227"]
[PlyCount "120"]
[EventDate "2019.09.29"]
[EventType "team-tourn"]
[EventRounds "9"]
[EventCountry "GER"]
[SourceTitle "CBM 195 Extra"]
[Source "ChessBase"]
[SourceDate "2020.05.31"]
[SourceVersion "1"]
[SourceVersionDate "2020.05.31"]
[SourceQuality "1"]

1. Nf3 Nf6 2. b3 g6 3. Bb2 Bg7 4. e3 0-0 5. d4 d6 6. Be2 c5 7. 0-0 b6 8. c4 Bb7 9. Nc3 Nbd7 10. Qd2 Ne4 11. Nxe4 Bxe4 12. Rad1 Qc7 13. Ng5 Bb7 14. d5 Bxb2 15. Qxb2 Nf6 16. f4 h6 17. Nh3 b5 18. Nf2 bxc4 19. bxc4 Rab8 20. Qc3 Ba6 21. e4 Qb6 22. e5 Qb2 23. Qe3 Nd7 24. Rd2 Qb4 25. Rc2 Qa4 26. Rfc1 Rb1 27. Bd3 Rxc1+ 28. Rxc1 Qa3 29. Re1 Kg7 30. Ng4 h5 31. Nf2 Nb6 32. f5 Qb2 33. exd6 exd6 34. Ne4 Qd4 35. f6+ Kg8 36. Qxd4 cxd4 37. Nxd6 Nxd5 38. cxd5 Bxd3 39. Rd1 Rd8 40. Nb7 Bc2 41. Rxd4 Rd7 42. d6 Bf5 43. Nc5 Rd8 44. d7 Kh7 45. Rf4 Kh6 46. h4 a5 47. a3 Bg4 48. Re4 Be6 49. Re5 a4 50. Kh2 Rxd7 51. Nxd7 Bxd7 52. Kg3 Be6 53. Kf4 Bb3 54. Re8 Kh7 55. Ke5 Bc4 56. Kd6 g5 57. hxg5 h4 58. Ke5 Bf1 59. Rf8 Bc4 60. Kf4 Bd5 1-0

[Event "Pardubice Czech op-A 25th"]
[Site "Pardubice"]
[Date "2014.07.24"]
[Round "7"]
[White "Gheng, Josef"]
[Black "Cremer, Jan Paul"]
[Result "1/2-1/2"]
[WhiteElo "2336"]
[BlackElo "2194"]
[PlyCount "140"]
[EventDate "2014.07.18"]
[EventType "swiss"]
[EventRounds "9"]
[EventCountry "CZE"]
[SourceTitle "CBM 161 Extra"]
[Source "ChessBase"]
[SourceDate "2014.08.29"]
[SourceVersion "1"]
[SourceVersionDate "2014.08.29"]
[SourceQuality "1"]

1. c4 Nf6 2. Nf3 g6 3. g3 Bg7 4. Bg2 0-0 5. 0-0 d6 6. Nc3 Nc6 7. a3 a5 8. d3 e5 9. Rb1 h6 10. b4 axb4 11. axb4 Be6 12. b5 Ne7 13. Nd2 c6 14. Qb3 d5 15. Ba3 Re8 16. Rfd1 Nf5 17. bxc6 bxc6 18. Bc5 Nd7 19. Bb6 Nxb6 20. Qxb6 e4 21. Qxd8 Rexd8 22. cxd5 cxd5 23. Nxd5 Bxd5 24. dxe4 Ba2 25. exf5 Bxb1 26. Rxb1 Ra5 27. Nc4 Rxf5 28. Be4 Rc5 29. Bd3 Rdc8 30. Rb4 Ra8 31. Rb7 Rac8 32. Nd6 R5c7 33. Rb5 Rd8 34. Ne4 Bd4 35. h4 h5 36. Kg2 Kg7 37. Ng5 Bf6 38. Nh3 Rd4 39. Kf3 Re7 40. Nf4 Rd8 41. Kg2 Be5 42. Nd5 Red7 43. Bc4 Rb8 44. Ra5 Bd4 45. Nf4 Bb6 46. Ra2 Kh6 47. Bd5 Rbd8 48. e4 Bc7 49. Nh3 Rxd5 50. exd5 Rxd5 51. Ra7 Rc5 52. Ng5 Kg7 53. Rb7 Rc6 54. Kf1 Kg8 55. Ke2 f6 56. Ne4 Kf7 57. Kd3 Ke6 58. Rb5 Bb6 59. f3 Bd8 60. Nc5+ Kf7 61. g4 Rb6 62. Rxb6 Bxb6 63. Ne4 f5 64. gxf5 gxf5 65. Ng5+ Kf6 66. f4 Bf2 67. Nf3 Bg3 68. Ke3 Kg6 69. Ne5+ Kg7 70. Nf3 Kf6 1/2-1/2

[Event "Pardubice Czech op-A 25th"]
[Site "Pardubice"]
[Date "2014.07.21"]
[Round "4"]
[White "Cremer, Jan Paul"]
[Black "Vavra, Pavel"]
[Result "1-0"]
[WhiteElo "2194"]
[BlackElo "2342"]
[PlyCount "85"]
[EventDate "2014.07.18"]
[EventType "swiss"]
[EventRounds "9"]
[EventCountry "CZE"]
[SourceTitle "CBM 161 Extra"]
[Source "ChessBase"]
[SourceDate "2014.08.29"]
[SourceVersion "1"]
[SourceVersionDate "2014.08.29"]
[SourceQuality "1"]

1. e4 c5 2. Nf3 Nc6 3. d4 cxd4 4. Nxd4 Qb6 5. Nb3 Nf6 6. Nc3 e6 7. Bd3 Qc7 8. 0-0 Be7 9. Be3 d6 10. f4 a6 11. Qf3 0-0 12. Nd4 Bd7 13. Qg3 Ne8 14. f5 Nxd4 15. Bxd4 Bf6 16. Bxf6 Nxf6 17. fxe6 fxe6 18. e5 Qc5+ 19. Kh1 Qxe5 20. Qxe5 dxe5 21. Rae1 Ng4 22. Kg1 b5 23. h3 Rxf1+ 24. Bxf1 Nf6 25. Rxe5 Rc8 26. Bd3 Rc7 27. Kf2 h6 28. g4 Kf7 29. Ne2 Nd5 30. Re4 g5 31. Rd4 Bc6 32. c4 Nf6 33. cxb5 axb5 34. Nc3 e5 35. Rb4 Rd7 36. Bxb5 Bxb5 37. Rxb5 Rd3 38. a4 Rxh3 39. a5 Nxg4+ 40. Kg2 Rd3 41. a6 Rd2+ 42. Kg3 Ne3 43. Kf3 1-0

[Event "Pardubice Czech op-A 25th"]
[Site "Pardubice"]
[Date "2014.07.19"]
[Round "2"]
[White "Cremer, Jan Paul"]
[Black "Rozhkov, Viacheslav"]
[Result "0-1"]
[WhiteElo "2194"]
[BlackElo "2327"]
[PlyCount "78"]
[EventDate "2014.07.18"]
[EventType "swiss"]
[EventRounds "9"]
[EventCountry "CZE"]
[SourceTitle "CBM 161 Extra"]
[Source "ChessBase"]
[SourceDate "2014.08.29"]
[SourceVersion "1"]
[SourceVersionDate "2014.08.29"]
[SourceQuality "1"]

1. e4 c5 2. Nf3 d6 3. d4 cxd4 4. Qxd4 Nc6 5. Bb5 Bd7 6. Bxc6 Bxc6 7. Nc3 e6 8. Bg5 Nf6 9. 0-0-0 Be7 10. Qd3 Qa5 11. h4 h6 12. Bd2 Qa6 13. Qxa6 bxa6 14. Rhe1 Rc8 15. Nd4 Ng4 16. Nxc6 Rxc6 17. Re2 Bxh4 18. f3 Ne5 19. f4 Nc4 20. Nd5 0-0 21. g3 exd5 22. gxh4 dxe4 23. Rxe4 Nxd2 24. Rxd2 Rfc8 25. Re7 Rc4 26. Rxa7 Rxf4 27. Rxd6 Rxh4 28. Raxa6 Rhc4 29. c3 h5 30. a4 h4 31. Rd3 g5 32. a5 Kg7 33. Rb6 g4 34. Rb5 Kg6 35. Re5 g3 36. Re2 Ra4 37. Kd2 Rxa5 38. Re4 Rg5 39. Re1 h3 0-1

[Event "Oberliga Nord O 1213"]
[Site "Germany"]
[Date "2013.04.14"]
[Round "9.8"]
[White "Cremer, Jan Paul"]
[Black "Piersig, Hans Juergen"]
[Result "1/2-1/2"]
[WhiteElo "2099"]
[BlackElo "2178"]
[PlyCount "86"]
[EventDate "2012.10.17"]
[EventType "team-tourn"]
[EventRounds "9"]
[EventCountry "GER"]
[SourceTitle "EXT 2015"]
[Source "ChessBase"]
[SourceDate "2014.11.20"]
[SourceVersion "1"]
[SourceVersionDate "2014.11.20"]
[SourceQuality "1"]
[WhiteTeam "Berlin SF"]
[BlackTeam "Potsdam Empor"]
[WhiteTeamCountry "GER"]
[BlackTeamCountry "GER"]

1. e4 e6 2. d4 d5 3. Nd2 Nf6 4. e5 Nfd7 5. Bd3 c5 6. c3 Nc6 7. Ne2 Qb6 8. Nf3 cxd4 9. cxd4 f6 10. exf6 Nxf6 11. 0-0 Bd6 12. Nc3 0-0 13. Bg5 Bd7 14. Rc1 Rae8 15. Na4 Qd8 16. Nc5 Bc8 17. Qb3 Qe7 18. Bb5 h6 19. Bxf6 Rxf6 20. Nxb7 Rxf3 21. Qxf3 Nxd4 22. Qd3 Nxb5 23. Nxd6 Nxd6 24. Rc2 Qf6 25. Qa3 Nc4 26. Qxa7 e5 27. b3 Qg6 28. Rc3 Nd2 29. Rfc1 Bf5 30. Rg3 Qf6 31. Rc6 Be6 32. Rd3 e4 33. Rdc3 d4 34. Rc1 Qg5 35. Kh1 Bd5 36. Rc8 Rxc8 37. Rxc8+ Kh7 38. Qxd4 e3 39. f3 Qf5 40. Qxe3 Qb1+ 41. Qg1 Qxa2 42. Qc1 Nxb3 43. Qc2+ Qxc2 1/2-1/2

[Event "Oberliga Nord O 1213"]
[Site "Germany"]
[Date "2013.01.13"]
[Round "5.8"]
[White "Cremer, Jan Paul"]
[Black "Jahnke, Andreas"]
[Result "1-0"]
[WhiteElo "2099"]
[BlackElo "2035"]
[PlyCount "29"]
[EventDate "2012.10.17"]
[EventType "team-tourn"]
[EventRounds "9"]
[EventCountry "GER"]
[SourceTitle "EXT 2015"]
[Source "ChessBase"]
[SourceDate "2014.11.20"]
[SourceVersion "1"]
[SourceVersionDate "2014.11.20"]
[SourceQuality "1"]
[WhiteTeam "Berlin SF"]
[BlackTeam "Ruedersdorf"]
[WhiteTeamCountry "GER"]
[BlackTeamCountry "GER"]

1. e4 e5 2. Nf3 Nc6 3. Bb5 d6 4. d4 Bd7 5. Nc3 Be7 6. Bxc6 Bxc6 7. dxe5 dxe5 8. Qxd8+ Rxd8 9. Nxe5 Bf6 10. Nxc6 Bxc3+ 11. bxc3 bxc6 12. Bf4 Nf6 13. f3 Rd7 14. Rb1 0-0 15. Rb7 1-0

[Event "Oberliga Nord O 1213"]
[Site "Germany"]
[Date "2012.11.11"]
[Round "2.6"]
[White "Cremer, Jan Paul"]
[Black "Dimitrijeski, Kristian"]
[Result "1/2-1/2"]
[WhiteElo "2099"]
[BlackElo "2150"]
[PlyCount "24"]
[EventDate "2012.10.17"]
[EventType "team-tourn"]
[EventRounds "9"]
[EventCountry "GER"]
[SourceTitle "EXT 2015"]
[Source "ChessBase"]
[SourceDate "2014.11.20"]
[SourceVersion "1"]
[SourceVersionDate "2014.11.20"]
[SourceQuality "1"]
[WhiteTeam "Berlin SF"]
[BlackTeam "Koenig Tegel"]
[WhiteTeamCountry "GER"]
[BlackTeamCountry "GER"]

1. e4 e5 2. Nf3 Nc6 3. Bb5 Nf6 4. d3 d6 5. c3 Be7 6. 0-0 0-0 7. Nbd2 Bd7 8. Ba4 Re8 9. Re1 Bf8 10. Nf1 h6 11. Ng3 Ne7 12. Bb3 Ng6 1/2-1/2

[Event "GER-ch Net qual2 U18"]
[Site "Playchess.com INT"]
[Date "2012.09.05"]
[Round "6"]
[White "Lavrinenkov, Vadim"]
[Black "Cremer, Jan Paul"]
[Result "1-0"]
[WhiteElo "2326"]
[BlackElo "2248"]
[PlyCount "73"]
[EventDate "2012.09.05"]
[EventType "swiss (blitz)"]
[EventRounds "7"]
[EventCountry "GER"]
[SourceTitle "CBM 150 Extra"]
[Source "ChessBase"]
[SourceDate "2012.10.19"]
[SourceVersion "1"]
[SourceVersionDate "2012.10.19"]
[SourceQuality "1"]

1. e4 b6 2. d4 Bb7 3. Bd3 e6 4. Nf3 c5 5. c3 Nf6 6. e5 Nd5 7. 0-0 Nc6 8. Bg5 Be7 9. Bxe7 Qxe7 10. Nbd2 cxd4 11. cxd4 d6 12. exd6 Qxd6 13. Ne4 Qe7 14. Re1 h6 15. Rc1 Rd8 16. Bb5 Ndb4 17. Ne5 Rc8 18. Qa4 0-0 19. Nxc6 Bxc6 20. Bxc6 Nd3 21. Red1 Nxc1 22. Rxc1 f5 23. Nd2 Rc7 24. Re1 Qd6 25. Bb5 Kh8 26. Nf3 Rfc8 27. h3 Rc1 28. Rf1 Rxf1+ 29. Bxf1 Rc1 30. Ne5 Qc7 31. Qe8+ Kh7 32. Qg6+ Kg8 33. Qxe6+ Kh7 34. Qxf5+ Kg8 35. Qd3 Qd6 36. Kh2 Rc5 37. Qb3+ 1-0

[Event "GER-ch Net qual2 U18"]
[Site "Playchess.com INT"]
[Date "2012.09.05"]
[Round "1"]
[White "Yankelevich, Lev"]
[Black "Cremer, Jan Paul"]
[Result "1/2-1/2"]
[WhiteElo "1888"]
[BlackElo "2248"]
[PlyCount "134"]
[EventDate "2012.09.05"]
[EventType "swiss (blitz)"]
[EventRounds "7"]
[EventCountry "GER"]
[SourceTitle "CBM 150 Extra"]
[Source "ChessBase"]
[SourceDate "2012.10.19"]
[SourceVersion "1"]
[SourceVersionDate "2012.10.19"]
[SourceQuality "1"]

1. Nf3 Nf6 2. g3 g6 3. Bg2 Bg7 4. 0-0 0-0 5. c4 d6 6. Nc3 Nc6 7. b3 e5 8. Bb2 h6 9. e3 e4 10. Ne1 Bg4 11. Qc2 Re8 12. h3 Bd7 13. Kh2 Bf5 14. a3 a5 15. Nb5 h5 16. Nd4 Nxd4 17. Bxd4 Nd7 18. Bxg7 Kxg7 19. Qc3+ Qf6 20. Qxf6+ Nxf6 21. f3 exf3 22. Bxf3 Be4 23. Kg2 Bxf3+ 24. Kxf3 Ne4 25. Ra2 f5 26. d3 Ng5+ 27. Ke2 Nxh3 28. Nf3 Kf6 29. Kd2 Ng5 30. Nd4 Ne6 31. Nb5 Ke7 32. Kc3 c6 33. Nd4 Nxd4 34. Kxd4 Rh8 35. Re2 h4 36. e4 Kf6 37. exf5 hxg3 38. fxg6+ Kxg6 39. Rg2 Rh3 40. Rf3 Re8 41. Rgxg3+ Rxg3 42. Rxg3+ Kf6 43. Rf3+ Kg6 44. Rg3+ Kf6 45. Rf3+ Kg6 46. Re3 Rxe3 47. Kxe3 Kf5 48. Kf3 Ke5 49. Ke3 c5 50. Ke2 Kd4 51. Kd2 Ke5 52. Ke3 a4 53. bxa4 b6 54. Ke2 Kd4 55. Kd2 Ke5 56. Ke3 d5 57. cxd5 Kxd5 58. Ke2 Kd4 59. Kd2 c4 60. dxc4 Kxc4 61. Kc2 Kc5 62. Kc3 Kc6 63. Kb4 Kb7 64. Kb5 Ka8 65. Kxb6 Kb8 66. Ka6 Ka8 67. a5 Kb8 1/2-1/2

[Event "GER-ch U18"]
[Site "Oberhof"]
[Date "2012.06.02"]
[Round "9"]
[White "Cremer, Jan Paul"]
[Black "Miller, Eduard"]
[Result "0-1"]
[WhiteElo "2085"]
[BlackElo "2191"]
[PlyCount "76"]
[EventDate "2012.05.27"]
[EventType "swiss"]
[EventRounds "9"]
[EventCountry "GER"]
[SourceTitle "CBM 148 Extra"]
[Source "ChessBase"]
[SourceDate "2012.06.22"]
[SourceVersion "1"]
[SourceVersionDate "2012.06.22"]
[SourceQuality "1"]

1. e4 c5 2. Nf3 d6 3. d4 cxd4 4. Nxd4 Nf6 5. Nc3 g6 6. Be3 Bg7 7. f3 a6 8. Qd2 Nbd7 9. 0-0-0 b5 10. Bh6 Bxh6 11. Qxh6 Bb7 12. Kb1 Rc8 13. Qd2 Nc5 14. Bd3 Qb6 15. g4 b4 16. Nce2 d5 17. e5 Nfd7 18. f4 a5 19. Rhe1 Ba6 20. Bxa6 Qxa6 21. Nb3 Nxb3 22. axb3 e6 23. f5 a4 24. Qxb4 axb3 25. Qxb3 Ra8 26. Kc1 0-0 27. Nd4 Rfb8 28. Qa3 Qb6 29. Qc3 Rc8 30. Qd3 Nc5 31. Qe3 Ne4 32. c3 Ra1+ 33. Kc2 Ra2 34. Rb1 Rxc3+ 35. Qxc3 Nxc3 36. Kxc3 Qc5+ 37. Kd3 Ra4 38. b4 Qc4+ 0-1

[Event "GER-ch U18"]
[Site "Oberhof"]
[Date "2012.05.31"]
[Round "7"]
[White "Cremer, Jan Paul"]
[Black "Becker, Matthias1111"]
[Result "1-0"]
[WhiteElo "2085"]
[BlackElo "2089"]
[PlyCount "136"]
[EventDate "2012.05.27"]
[EventType "swiss"]
[EventRounds "9"]
[EventCountry "GER"]
[SourceTitle "CBM 148 Extra"]
[Source "ChessBase"]
[SourceDate "2012.06.22"]
[SourceVersion "1"]
[SourceVersionDate "2012.06.22"]
[SourceQuality "1"]

1. e4 g6 2. d4 Bg7 3. Nc3 d5 4. exd5 Nf6 5. Bb5+ Nbd7 6. Nf3 0-0 7. 0-0 Nb6 8. Re1 Nfxd5 9. Ne4 Bg4 10. Nc5 c6 11. Be2 Qc7 12. Ne5 Bxe2 13. Qxe2 Rad8 14. h3 Nf6 15. Bf4 Qc8 16. Rad1 Nfd7 17. Ncd3 Nd5 18. Bg5 Rfe8 19. c4 Nxe5 20. Nxe5 Nc7 21. Nf3 Ne6 22. Be3 b6 23. Rd2 Rd6 24. d5 cxd5 25. cxd5 Nc7 26. Rc1 Qb7 27. Bf4 Rd7 28. Ne5 Bxe5 29. Qxe5 Nxd5 30. Bh6 Nf6 31. Rxd7 Qxd7 32. Rc7 Qd1+ 33. Kh2 Qd6 34. Qxd6 exd6 35. Rxa7 Rb8 36. Bf4 Ne8 37. Rd7 Kg7 38. Bxd6 Nxd6 39. Rxd6 b5 40. Kg3 b4 41. Rd3 Rc8 42. Rd4 Ra8 43. Rxb4 Rxa2 44. Rb6 h5 45. f4 Ra1 46. Kh4 Rd1 47. g4 hxg4 48. hxg4 Rd4 49. Kg3 Rd5 50. g5 Rd1 51. b4 Rd3+ 52. Kf2 Rb3 53. Rb7 Kf8 54. b5 Kg8 55. b6 Kg7 56. Ke2 Kf8 57. Kd2 Kg7 58. Rb8 Rf3 59. Rc8 Rb3 60. Rc6 Rb4 61. Kc3 Rb1 62. Kd4 Rb2 63. Ke5 Rd2 64. Rd6 Rb2 65. Kd5 Rc2 66. b7 Rb2 67. Kc6 Rc2+ 68. Kd7 Rb2 1-0

[Event "GER-ch U18"]
[Site "Oberhof"]
[Date "2012.05.29"]
[Round "4"]
[White "Karthaeuser, Johannes"]
[Black "Cremer, Jan Paul"]
[Result "0-1"]
[WhiteElo "1954"]
[BlackElo "2085"]
[PlyCount "52"]
[EventDate "2012.05.27"]
[EventType "swiss"]
[EventRounds "9"]
[EventCountry "GER"]
[SourceTitle "CBM 148 Extra"]
[Source "ChessBase"]
[SourceDate "2012.06.22"]
[SourceVersion "1"]
[SourceVersionDate "2012.06.22"]
[SourceQuality "1"]

1. e4 c5 2. c3 d5 3. exd5 Qxd5 4. d4 g6 5. Nf3 Bg7 6. dxc5 Qxc5 7. Be3 Qc7 8. Na3 Bxc3+ 9. bxc3 Qxc3+ 10. Nd2 Qxa3 11. Nc4 Qc3+ 12. Bd2 Qd4 13. Rc1 Nc6 14. Qe2 Nf6 15. Be3 Qe4 16. Bh6 Qxe2+ 17. Bxe2 Nd5 18. Bg7 Rg8 19. Bb2 Nf4 20. Ne5 Nxe5 21. Bxe5 Nxg2+ 22. Kd2 Nh4 23. Rc7 Bd7 24. Bg3 Nf5 25. Rxb7 Bc6 26. Bb5 0-0-0+ 0-1

[Event "GER-ch U18"]
[Site "Oberhof"]
[Date "2012.05.27"]
[Round "2"]
[White "Hahn, Markus"]
[Black "Cremer, Jan Paul"]
[Result "1-0"]
[WhiteElo "2131"]
[BlackElo "2085"]
[PlyCount "69"]
[EventDate "2012.05.27"]
[EventType "swiss"]
[EventRounds "9"]
[EventCountry "GER"]
[SourceTitle "CBM 148 Extra"]
[Source "ChessBase"]
[SourceDate "2012.06.22"]
[SourceVersion "1"]
[SourceVersionDate "2012.06.22"]
[SourceQuality "1"]

1. d4 Nf6 2. c4 e6 3. Nf3 b6 4. g3 Ba6 5. b3 Bb4+ 6. Bd2 Be7 7. Bg2 c6 8. Bc3 0-0 9. 0-0 d5 10. Nbd2 Nbd7 11. Qc2 c5 12. e4 cxd4 13. Nxd4 Rc8 14. exd5 exd5 15. Rfe1 Bc5 16. Nf5 Re8 17. Qb2 dxc4 18. b4 Bf8 19. b5 Rc5 20. Nd4 Bc8 21. Nc6 Qc7 22. Bd4 Rf5 23. Nxc4 Bb7 24. Rxe8 Nxe8 25. Ne3 Rh5 26. Bf3 Rg5 27. Re1 Nef6 28. Kg2 Bxc6 29. bxc6 Ne5 30. Nd5 Nxd5 31. Bxe5 Qxc6 32. Qd2 Qe6 33. Qxg5 Ne7 34. Qd2 Ng6 35. Bxg7 1-0

[Event "Berlin Lichtenberger op 10th"]
[Site "Berlin"]
[Date "2011.08.21"]
[Round "9"]
[White "Schulz, Michael"]
[Black "Cremer, Jan Paul"]
[Result "1-0"]
[WhiteElo "2233"]
[BlackElo "2033"]
[PlyCount "75"]
[EventDate "2011.08.13"]
[EventType "swiss"]
[EventRounds "9"]
[EventCountry "GER"]
[SourceTitle "CBM 143 Extra"]
[Source "ChessBase"]
[SourceDate "2011.08.29"]
[SourceVersion "1"]
[SourceVersionDate "2011.08.29"]
[SourceQuality "1"]

1. d4 Nf6 2. Bg5 Ne4 3. Bf4 c5 4. f3 Qa5+ 5. c3 Nf6 6. d5 Qb6 7. b3 e6 8. e4 exd5 9. exd5 Bd6 10. Bxd6 Qxd6 11. Bc4 0-0 12. Ne2 b6 13. 0-0 Na6 14. Nd2 Nc7 15. Ne4 Nxe4 16. fxe4 b5 17. Bd3 Qe5 18. Rf5 Qe7 19. Qd2 d6 20. Rg5 f6 21. Rg3 f5 22. e5 Qxe5 23. Nf4 Re8 24. Rf1 Bd7 25. Nh5 Re7 26. c4 Rf8 27. Nf4 Qd4+ 28. Kh1 Rfe8 29. h3 Re3 30. Ne6 R3xe6 31. dxe6 Bxe6 32. Qa5 f4 33. Rgf3 bxc4 34. bxc4 Na8 35. Re1 Nb6 36. Qxa7 Nxc4 37. Qa4 Rc8 38. Rxe6 1-0

[Event "Berlin Lichtenberger op 10th"]
[Site "Berlin"]
[Date "2011.08.19"]
[Round "7"]
[White "Kohler, Thomas"]
[Black "Cremer, Jan Paul"]
[Result "1/2-1/2"]
[WhiteElo "2255"]
[BlackElo "2033"]
[PlyCount "40"]
[EventDate "2011.08.13"]
[EventType "swiss"]
[EventRounds "9"]
[EventCountry "GER"]
[SourceTitle "CBM 143 Extra"]
[Source "ChessBase"]
[SourceDate "2011.08.29"]
[SourceVersion "1"]
[SourceVersionDate "2011.08.29"]
[SourceQuality "1"]

1. c4 Nf6 2. g3 e6 3. Bg2 d5 4. Nf3 Be7 5. 0-0 0-0 6. b3 c5 7. Bb2 b6 8. e3 Bb7 9. Nc3 Nbd7 10. Qe2 Rc8 11. Rfd1 Qc7 12. cxd5 Nxd5 13. Nxd5 Bxd5 14. e4 Bb7 15. d4 Nf6 16. dxc5 Bxe4 17. cxb6 Qxb6 18. Nd4 Bxg2 19. Kxg2 Rfd8 20. Nf3 Nd5 1/2-1/2

[Event "Berlin Lichtenberger op 10th"]
[Site "Berlin"]
[Date "2011.08.18"]
[Round "6"]
[White "Cremer, Jan Paul"]
[Black "Jahnz, Fabian"]
[Result "1/2-1/2"]
[WhiteElo "2033"]
[BlackElo "2211"]
[PlyCount "75"]
[EventDate "2011.08.13"]
[EventType "swiss"]
[EventRounds "9"]
[EventCountry "GER"]
[SourceTitle "CBM 143 Extra"]
[Source "ChessBase"]
[SourceDate "2011.08.29"]
[SourceVersion "1"]
[SourceVersionDate "2011.08.29"]
[SourceQuality "1"]

1. e4 c5 2. Nf3 e6 3. d4 cxd4 4. Nxd4 Nc6 5. Nc3 Qc7 6. Be2 a6 7. 0-0 Nf6 8. Be3 Bb4 9. Na4 Bd6 10. g3 b5 11. Nb6 Rb8 12. Nxc8 Rxc8 13. a4 Nxd4 14. Bxd4 e5 15. Be3 Bc5 16. Bxc5 Qxc5 17. axb5 axb5 18. Ra5 0-0 19. c3 Rb8 20. Qd3 Qc6 21. Rd1 Rfc8 22. Rxb5 Rxb5 23. Qxb5 Qxe4 24. Rd6 h6 25. Qd3 Qxd3 26. Bxd3 Kf8 27. Bf5 Ke7 28. Rd2 Rc7 29. Re2 Kd6 30. f4 exf4 31. gxf4 Rc4 32. Rf2 Nd5 33. Rd2 Rxf4 34. Bxd7 Kxd7 35. Rxd5+ Kc6 36. Rd2 Kc5 37. Rf2 Rxf2 38. Kxf2 1/2-1/2

[Event "Berlin Lichtenberger op 10th"]
[Site "Berlin"]
[Date "2011.08.14"]
[Round "2"]
[White "Cremer, Jan Paul"]
[Black "Hoffmann, Peter1111"]
[Result "1-0"]
[WhiteElo "2033"]
[BlackElo "2030"]
[PlyCount "51"]
[EventDate "2011.08.13"]
[EventType "swiss"]
[EventRounds "9"]
[EventCountry "GER"]
[SourceTitle "CBM 143 Extra"]
[Source "ChessBase"]
[SourceDate "2011.08.29"]
[SourceVersion "1"]
[SourceVersionDate "2011.08.29"]
[SourceQuality "1"]

1. e4 c5 2. Nf3 e6 3. d4 cxd4 4. Nxd4 a6 5. Bd3 Qc7 6. 0-0 Nf6 7. Qe2 d6 8. c4 Be7 9. Nc3 b6 10. Be3 Nbd7 11. Rac1 0-0 12. f4 Bb7 13. b4 Rfe8 14. Nb3 Rac8 15. Bd4 d5 16. cxd5 exd5 17. e5 Bxb4 18. Qd1 Nc5 19. exf6 Nxb3 20. axb3 Bc5 21. Bf5 Rcd8 22. fxg7 Bxd4+ 23. Qxd4 Qc5 24. Ne2 Qb5 25. Ng3 Qxb3 26. Rc3 1-0

[Event "Berlin Lichtenberger op 10th"]
[Site "Berlin"]
[Date "2011.08.14"]
[Round "3"]
[White "Wendt, Jan Dietrich"]
[Black "Cremer, Jan Paul"]
[Result "1-0"]
[WhiteElo "2360"]
[BlackElo "2033"]
[PlyCount "55"]
[EventDate "2011.08.13"]
[EventType "swiss"]
[EventRounds "9"]
[EventCountry "GER"]
[SourceTitle "CBM 143 Extra"]
[Source "ChessBase"]
[SourceDate "2011.08.29"]
[SourceVersion "1"]
[SourceVersionDate "2011.08.29"]
[SourceQuality "1"]

1. Nf3 Nf6 2. c4 e6 3. Nc3 Bb4 4. d4 b6 5. Qb3 c5 6. Bf4 Nc6 7. a3 cxd4 8. axb4 dxc3 9. bxc3 0-0 10. e3 Qe7 11. Be2 h6 12. b5 Na5 13. Qb4 Qd8 14. 0-0 Ne4 15. c5 f5 16. Rfd1 Nb7 17. c6 Nbc5 18. Ne5 g5 19. cxd7 Bb7 20. f3 gxf4 21. fxe4 fxe3 22. Qd4 f4 23. Nc6 Bxc6 24. bxc6 Rf7 25. Bf3 a5 26. e5 Ra7 27. Qd6 Nb3 28. c7 1-0

[Event "GER-ch U18"]
[Site "Oberhof"]
[Date "2011.06.14"]
[Round "5"]
[White "Cremer, Jan Paul"]
[Black "Mueller, Richard"]
[Result "1-0"]
[WhiteElo "2026"]
[BlackElo "2032"]
[PlyCount "51"]
[EventDate "2011.06.11"]
[EventType "swiss"]
[EventRounds "9"]
[EventCountry "GER"]
[SourceTitle "CBM 142 Extra"]
[Source "ChessBase"]
[SourceDate "2011.06.27"]
[SourceVersion "1"]
[SourceVersionDate "2011.06.27"]
[SourceQuality "1"]

1. e4 c5 2. Nf3 e6 3. d4 cxd4 4. Nxd4 Nc6 5. Nc3 Qc7 6. Be2 a6 7. 0-0 Nf6 8. Be3 Be7 9. Kh1 0-0 10. f4 d6 11. a4 Nxd4 12. Qxd4 e5 13. Qd3 Bd7 14. Rad1 Bc6 15. fxe5 dxe5 16. Nd5 Nxd5 17. exd5 Rad8 18. Qb3 Bxd5 19. Rxd5 Rxd5 20. Qxd5 Qxc2 21. Bc4 Qg6 22. Qxb7 Bf6 23. Bc5 Re8 24. Qc6 Rd8 25. Bb6 Rf8 26. Bxa6 1-0